LEADER 00441oam 2200181z- 450 001 9910768491803321 035 $a(CKB)5850000000468614 035 $a(EXLCZ)995850000000468614 100 $a20240521c2023uuuu -u- - 101 0 $aeng 200 10$aBelgic Confession 210 $cAOSIS 311 $a1-77995-287-2 311 $a1-77995-288-0 906 $aBOOK 912 $a9910768491803321 996 $aBelgic Confession$93658566 997 $aUNINA LEADER 03432nam 2200637Ia 450 001 9910971715003321 005 20251117090802.0 010 $a1-283-16209-1 010 $a9786613162090 010 $a90-04-21013-X 024 7 $a10.1163/ej.9789004210141.i-361 035 $a(CKB)2550000000041916 035 $a(EBL)737672 035 $a(OCoLC)743693690 035 $a(SSID)ssj0000502561 035 $a(PQKBManifestationID)11328098 035 $a(PQKBTitleCode)TC0000502561 035 $a(PQKBWorkID)10527243 035 $a(PQKB)11678985 035 $a(MiAaPQ)EBC737672 035 $a(OCoLC)743693690$z(OCoLC)744520030 035 $a(nllekb)BRILL9789004210134 035 $a(Au-PeEL)EBL737672 035 $a(CaPaEBR)ebr10483894 035 $a(CaONFJC)MIL316209 035 $a(PPN)174393717 035 $a(EXLCZ)992550000000041916 100 $a20110607d2011 uy 0 101 0 $aeng 135 $aur|n|---||||| 181 $ctxt 182 $cc 183 $acr 200 14$aThe cardinal virtues in the Middle Ages $ea study in moral thought from the fourth to the fourteenth century /$fby Istvan P. Bejczy 210 $aLeiden ;$aBoston $cBrill$d2011 215 $a1 online resource (369 p.) 225 1 $aBrill's studies in intellectual history,$x0920-8607 ;$vv. 202 300 $aDescription based upon print version of record. 311 08$a90-04-21014-8 320 $aIncludes bibliographical references and indexes. 327 $tPreliminary Material /$rI. Bejczy -- $t1. Patristic Era And Early Middle Ages (C. 400?C. 1100) /$rI. Bejczy -- $t2. The Twelfth Century /$rI. Bejczy -- $t3. The Thirteenth And Fourteenth Centuries /$rI. Bejczy -- $t4. Fallen Man In Search Of Virtue /$rI. Bejczy -- $tConclusion /$rI. Bejczy -- $tAppendix I. Some Current Classifications Of The Moral Virtues /$rI. Bejczy -- $tAppendix II. Some Unedited Medieval Texts On The Cardinal Virtues /$rI. Bejczy -- $tBibliography /$rI. Bejczy -- $tIndex Of Manuscripts /$rI. Bejczy -- $tIndex Of Ancient And Medieval Authors And Major Anonymous Works /$rI. Bejczy. 330 $aDespite its non-Christian origins, the scheme of the cardinal virtues (prudence, justice, fortitude, and temperance) found wide acceptance in medieval theology, philosophy, and religious literature. The present study is the first to investigate the history of the four virtues in the Latin Middle Ages from patristic times to the late fourteenth century. It examines the position of the cardinal virtues between religious and secularized conceptions of morality and attempts to reveal some distinctly Christian aspects of medieval virtue theory notwithstanding its manifest indebtedness to ancient ethics. Exploring learned and popularizing sources alike, including much unedited material, this study covers a broad spectrum of moral debate during ten centuries of Western intellectual history. 410 0$aBrill's studies in intellectual history ;$vv. 202. 606 $aCardinal virtues$xHistory of doctrines 606 $aEthics, Medieval 615 0$aCardinal virtues$xHistory of doctrines. 615 0$aEthics, Medieval. 676 $a241/.40940902 700 $aBejczy$b Istva?n Pieter$f1965-$01890728 801 0$bMiAaPQ 801 1$bMiAaPQ 801 2$bMiAaPQ 906 $aBOOK 912 $a9910971715003321 996 $aThe cardinal virtues in the Middle Ages$94555660 997 $aUNINA